Statistics for Fill In The Blanks #3

Click here to take the quiz!

General Stats

  • This quiz has been taken 32 times
  • The average score is 5 of 6

Answer Stats

Some ingredients/accesoriesPastryAnswer% Correct
Cream filling, applesA_p_e _i_Apple Pie
100%
Icing, CandlesC_k_Cake
92%
Bun, sugar glazeH_n_y _u_Honey Bun
92%
Heavy Cream, SugarI_e _r_a_Ice Cream
73%
Edible dough, sugarC_o_i_Cookie
69%
Cinnamon, doughC_u_r_Churro
65%

Score Distribution

Percentile by Number Answered

Percent of People with Each Score

Your Score History

You have not taken this quiz